LEADER 01051nam0-22003131i-450- 001 990000819880403321 005 20001010 035 $a000081988 035 $aFED01000081988 035 $a(Aleph)000081988FED01 035 $a000081988 100 $a20001010d--------km-y0itay50------ba 101 0 $aita 105 $ay-------001yy 200 1 $aPaesaggio agrario e assetti colturali in P uglia tra Otto e Novecento$fSaverio Russo$econ il contributo di Vincenzo Pepe 210 $aBari$cEdipuglia$d2001 215 $a35 p.$cill.$d30 cm 225 1 $aQuaderni di mediterranea$emateriale per un atlante storico del mezzogiorno$v1 610 0 $aPuglia$aPaesaggio agrario$aSec. XIX$aXX 700 1$aRusso,$bSaverio$f<1954- >$039265 702 1$aPepe,$bVincenzo$f<1958- > 801 0$aIT$bUNINA$gRICA$2UNIMARC 901 $aBK 912 $a990000819880403321 952 $aSEZ.NA M 176$b11898$fFARBC 959 $aFARBC 996 $aPaesaggio agrario e assetti colturali in P uglia tra Otto e Novecento$9347664 997 $aUNINA DB $aING01 LEADER 01813oam 2200529M 450 001 9910716237503321 005 20200213070518.6 035 $a(CKB)5470000002519752 035 $a(OCoLC)1065802006 035 $a(OCoLC)995470000002519752 035 $a(EXLCZ)995470000002519752 100 $a20071213d1926 ua 0 101 0 $aeng 135 $aurcn||||||||| 181 $ctxt$2rdacontent 182 $cc$2rdamedia 183 $acr$2rdacarrier 200 10$aKey-catalogue of the worms reported for man, by C.W. Stiles and Albert Hassall. [U.S. Hygienic Laboratory Bulletin No. 142. January 1926.] 210 1$a[Washington, D.C.] :$c[U.S. Government Printing Office],$d1926. 215 $a1 online resource (132 pages) 225 1 $aHouse document / 69th Congress, 1st session. House ;$vno. 16 225 1 $a[United States congressional serial set ] ;$v[serial no. 8592] 300 $aIndex, p. 182. 300 $aBatch processed record: Metadata reviewed, not verified. Some fields updated by batch processes. 300 $aFDLP item number not assigned. 606 $aParasites 606 $aParasitic diseases 606 $aReference sources 606 $aWorms 606 $aZoology 608 $aLegislative materials.$2lcgft 615 0$aParasites. 615 0$aParasitic diseases. 615 0$aReference sources. 615 0$aWorms. 615 0$aZoology. 701 $aHassall$b Albert$085150 701 $aStiles$b Charles Wardell$01391062 712 02$aUnited States.$bHygienic Laboratory (1891-1930) 801 0$bWYU 801 1$bWYU 801 2$bOCLCO 801 2$bOCLCQ 906 $aBOOK 912 $a9910716237503321 996 $aKey-catalogue of the worms reported for man, by C.W. Stiles and Albert Hassall.$93451636 997 $aUNINA